Strukturnaja politika - delo gosudarstva.
Uvoľnenie cien v podmienkach hlbokej štruktúrnej krízy ekonomiky, systematickej nerovnováhy cien a tovarového deficitu je osobitne riskantná politika, ktorá môže spôsobiť rozklad systému výroby a výmeny, ktoré dovolia ešte ako tak fungovať krajine. Ak nezačnú pôsobiť nástroje hospodárskeho riadenia...
Saved in:
| Main Author: | |
|---|---|
| Format: | Book Chapter |
| Language: | Russian |
| Subjects: | |
| Tags: |
No Tags, Be the first to tag this record!
|
MARC
| LEADER | 00000naa a2200000 4500 | ||
|---|---|---|---|
| 001 | r010985 | ||
| 005 | 20221208123002.4 | ||
| 041 | 0 | |a rus | |
| 044 | |a [SU] | ||
| 245 | 1 | 0 | |a Strukturnaja politika - delo gosudarstva. |c M. Barabanov |
| 520 | |a Uvoľnenie cien v podmienkach hlbokej štruktúrnej krízy ekonomiky, systematickej nerovnováhy cien a tovarového deficitu je osobitne riskantná politika, ktorá môže spôsobiť rozklad systému výroby a výmeny, ktoré dovolia ešte ako tak fungovať krajine. Ak nezačnú pôsobiť nástroje hospodárskeho riadenia a regulovania, rozpad ekonomiky je nevyhnutný. Dôležitým východiskom je systémovosť a plánovitosť štruktúrnej prestavby ekonomiky Ruska. | ||
| 610 | 2 | 0 | |a zmeny štruktúrne |
| 610 | 2 | 0 | |a politika hospodárska |
| 610 | 2 | 0 | |a ceny |
| 610 | 2 | 0 | |a reformy hospodárske |
| 610 | 2 | 0 | |a Rusko |
| 610 | 2 | 0 | |a riadenie hospodárske |
| 610 | 2 | 0 | |a kríza hospodárska |
| 610 | 2 | 0 | |a štát |
| 100 | 1 | |a Barabanov, M. | |